| 000 | 00370nam a2200145Ia 4500 | ||
|---|---|---|---|
| 008 | 230312s9999||||xx |||||||||||||| ||und|| | ||
| 020 | _a0-8135-2104-1 | ||
| 082 |
_a791.4377 _bNOR-C |
||
| 100 | _aNorden;Martin.F | ||
| 245 | 0 | _aCinema of Icolation | |
| 260 |
_bRutgers press _aNew Jersey _c1994 |
||
| 300 | _a384 | ||
| 650 |
_aMass com _vMass Communication |
||
| 942 | _cBK | ||
| 999 |
_c11456 _d11456 |
||